000 00257nam a22000857a 4500
008 160708b xxu||||| |||| 00| 0 eng d
100 _92432
_a Abruscatp, J., et al
245 _aTeacher's Edition: Holt Elementary Science
260 _aNew York
_b Holt,Rinehart
_c1980
999 _c2106
_d2106